Econometría (Registro nro. 3827)
[ vista simple ]
| 000 -LEADER | |
|---|---|
| fixed length control field | 01547 a2200241 4500 |
| 001 - CONTROL NUMBER | |
| control field | 44876 |
| 005 - DATE AND TIME OF LATEST TRANSACTION | |
| control field | 20260407155723.0 |
| 008 - FIXED-LENGTH DATA ELEMENTS--GENERAL INFORMATION | |
| fixed length control field | 260407a1993 arg spa d |
| 003 - CONTROL NUMBER IDENTIFIER | |
| control field | AR-UNSa-BCEJYS |
| 040 ## - CATALOGING SOURCE | |
| Original cataloging agency | AR-UNSa-BCEJYS |
| Language of cataloging | spa |
| Transcribing agency | AR-UNSa-BCEJYS |
| 080 ## - UNIVERSAL DECIMAL CLASSIFICATION NUMBER | |
| Universal Decimal Classification number | 330.43 |
| Common auxiliary subdivision | Econometría |
| 020 ## - INTERNATIONAL STANDARD BOOK NUMBER | |
| International Standard Book Number | 978-84-481-0128-2 |
| 041 ## - LANGUAGE CODE | |
| Language code of text/sound track or separate title | spa |
| 100 1# - MAIN ENTRY--PERSONAL NAME | |
| Personal name | Novales Cinca, Alfonso |
| 245 10 - TITLE STATEMENT | |
| Title | Econometría |
| 250 ## - EDITION STATEMENT | |
| Edition statement | 2a. ed. |
| 264 #1 - PRODUCTION, PUBLICATION, DISTRIBUTION, MANUFACTURE, AND COPYRIGHT NOTICE | |
| Place of production, publication, distribution, manufacture | Madrid : |
| Name of producer, publisher, distributor, manufacturer | McGraw-Hill |
| Date of production, publication, distribution, manufacture, or copyright notice | 1993 |
| 300 ## - PHYSICAL DESCRIPTION | |
| Extent | xvii, 676 p. |
| Dimensions | 24 cm. |
| 505 ## - FORMATTED CONTENTS NOTE | |
| Formatted contents note | Introducción - 1. Análisis matricial - 2. Análisis estadísticos - 3. El modelo lineal general - 4. Inferencia en el modelo lineal - 5. Matrices de covarianzas no escalares - 6. Heteroscedasticidad - 7. Autocorrelación - 8. Ecuaciones simultáneas con variables explicativas exógenas: Parte I: Una sección cruzada de series temporales -- Parte II: Regresiones aparentemente no relacionadas - 9. Modelos dinámicos - 10. Deficiencias muestrales: Multicolinealidad y errores de medidas - 11. Modelos no lineales - 12. Algoritmos numéricos de optimización - 13. Modelos de series temporales - 14. Regresión con variables no estacionarias - 15. Datos de panel - 16. Variables dependientes cualitativas y limitadas - 17. Modelos de ecuaciones simultáneas. I. Especificación e identificación - 18. Modelos de ecuaciones simultáneas. II. Estimación |
| 590 ## - LOCAL NOTE (RLIN) | |
| Local note | niveau_biblio:m niveau_hierar:0 |
| 856 41 - ELECTRONIC LOCATION AND ACCESS | |
| Uniform Resource Identifier | <a href="https://www.biblioeco.unsa.edu.ar/pmb/images/libros/L127009.jpg">https://www.biblioeco.unsa.edu.ar/pmb/images/libros/L127009.jpg</a> |
| Link text | Imagen de portada |
| Electronic format type | image/jpeg |
| 942 ## - ADDED ENTRY ELEMENTS (KOHA) | |
| Koha item type | |
| Withdrawn status | Lost status | Damaged status | Not for loan | Home library | Current library | Shelving location | Date acquired | Total checkouts | Full call number | Barcode | Date last seen | Price effective from | Koha item type |
|---|---|---|---|---|---|---|---|---|---|---|---|---|---|
| Biblioteca Prof. Eusebio Cleto del Rey | Biblioteca Prof. Eusebio Cleto del Rey | 07/04/2026 | 330.43 N935 2ed. | L127009 | 07/04/2026 | 07/04/2026 | Libro | ||||||
| Biblioteca Prof. Eusebio Cleto del Rey | Biblioteca Prof. Eusebio Cleto del Rey | 07/04/2026 | 330.43 N935 2ed. | L128286 | 07/04/2026 | 07/04/2026 | Libro |